| 000 | 01388nam a2200313 i 4500 | ||
|---|---|---|---|
| 001 | 16240 | ||
| 003 | DO-SdUEMH | ||
| 005 | 20260114172121.0 | ||
| 007 | ta | ||
| 008 | 211105s2001||||dr |||gr|||| 0|| |dspa d | ||
| 040 |
_aDO-SdUEMH _bspa _erda |
||
| 041 | _aspa | ||
| 082 | 1 | 4 |
_aRD340.2 T628D 1995 _mRD _bT628 |
| 084 | _b10-00471 | ||
| 100 | 1 |
_aTobal, Vinicio _eaut |
|
| 245 | 0 |
_aDerecho Comparado Contemporáneo / _cVinicio Tobai |
|
| 250 | _aSegunda edición | ||
| 260 | _c1995 | ||
| 264 | 1 |
_aSanto Domingo, República Dominicana : _bAlfa & Omega, _c1995 |
|
| 264 | 4 | _c©1995 | |
| 300 |
_a312 páginas : _c20 cm. |
||
| 336 |
_2rdacontent _atexto _btxt |
||
| 337 |
_2rdamedia _asin mediación _bn |
||
| 338 |
_2rdacarrier _avolumen _bnc |
||
| 504 | _aContiene Información Bibliográfica a Final de la Obra. | ||
| 505 | 2 | _aOrigen y evolución del derecho comprado -- Consideraciones generales acerca del derecho comprado -- El derecho comprado y derecho de la integración -- Las familias jurídicas contemporáneas -- La familia del Common Law -- La familia de derechos socialistas -- La familia del derecho religioso -- El derecho francés -- El derecho inglés -- El derecho de los Estados Unidos -- El derecho español -- El derecho japonés -- El derecho en Cuba -- El derecho en México -- El derecho chino -- El derecho alemán. | |
| 942 |
_2ddc _cFOLLETO _n0 |
||
| 999 |
_c16240 _d16240 |
||